LIBRARY & INFORMATION CENTRE, KCAET, TAVANUR

ONLINE PUBLIC ACCESS CATALOGUE (OPAC)

Hindi kavya ki pravarthiyam / (Record no. 7979)

MARC details
000 -LEADER
fixed length control field 00476cam a2200193ua 4500
041 ## - LANGUAGE CODE
Language code of text/sound track or separate title hin
082 ## - DEWEY DECIMAL CLASSIFICATION NUMBER
Classification number 891.54
Item number PRA/HI
100 ## - MAIN ENTRY--AUTHOR NAME
Personal name Prabhakar, Machve .
245 ## - TITLE STATEMENT
Title Hindi kavya ki pravarthiyam /
250 ## - EDITION STATEMENT
Edition statement 2 /
260 ## - PUBLICATION, DISTRIBUTION, ETC. (IMPRINT)
Place of publication Delhi :
Name of publisher Rajkamal Prakash ,
Year of publication 1958.
300 ## - PHYSICAL DESCRIPTION
Number of Pages 110 ; .
700 1# - ADDED ENTRY--PERSONAL NAME
Personal name Jagdeesh , Gupta .
942 ## - ADDED ENTRY ELEMENTS (KOHA)
Koha item type Books
Holdings
Withdrawn status Lost status Damaged status Home library Current library Date acquired Full call number Accession Number Koha item type
Withdrawn     KAUAET Sanskrit University 07/04/2012 891.54 2046 Books
free website counter